A Dictionary of critical theory / (Record no. 11066)

MARC details
000 -LEADER
fixed length control field 01150nam a22003377i 4500
003 - CONTROL NUMBER IDENTIFIER
control field URS
005 - DATE AND TIME OF LATEST TRANSACTION
control field 20220117100210.0
008 - FIXED-LENGTH DATA ELEMENTS--GENERAL INFORMATION
fixed length control field 161010b xxu||||| |||| 00| 0 eng d
020 ## - INTERNATIONAL STANDARD BOOK NUMBER
International Standard Book Number 9780199532919 (pbk.)
020 ## - INTERNATIONAL STANDARD BOOK NUMBER
International Standard Book Number 0199532915 (pbk.)
035 ## - SYSTEM CONTROL NUMBER
System control number (OCoLC)ocn464580932
040 ## - CATALOGING SOURCE
Description conventions rda
Transcribing agency URS
Language of cataloging English
Original cataloging agency URS
Modifying agency URS
042 ## - AUTHENTICATION CODE
Authentication code ukscp
-- lccopycat
050 00 - LIBRARY OF CONGRESS CALL NUMBER
Classification number B809.3
Item number .B83 2010
100 ## - MAIN ENTRY--PERSONAL NAME
Personal name Buchanan, Ian.
Relator term author.
245 12 - TITLE STATEMENT
Title A Dictionary of critical theory /
Statement of responsibility, etc. Ian Buchanan.
246 14 - VARYING FORM OF TITLE
Title proper/short title Oxford dictionary of critical theory
250 ## - EDITION STATEMENT
Edition statement 1st edition.
264 #1 - PRODUCTION, PUBLICATION, DISTRIBUTION, MANUFACTURE, AND COPYRIGHT NOTICE
Place of production, publication, distribution, manufacture Oxford :
Name of producer, publisher, distributor, manufacturer Oxford University Press,
Date of production, publication, distribution, manufacture, or copyright notice ©2010.
300 ## - PHYSICAL DESCRIPTION
Extent 500 pages ;
Dimensions 20 cm.
336 ## - CONTENT TYPE
Content type term text
Content type code txt
Source rdacontent
337 ## - MEDIA TYPE
Media type term unmediated
Media type code n
Source rdamedia
338 ## - CARRIER TYPE
Carrier type term volume
Carrier type code nc
Source rdacarrier
490 1# - SERIES STATEMENT
Series statement Oxford paperback reference
504 ## - BIBLIOGRAPHY, ETC. NOTE
Bibliography, etc. note Includes bibliographical references.
650 #0 - SUBJECT ADDED ENTRY--TOPICAL TERM
Topical term or geographic name entry element Critical theory
Form subdivision Dictionaries.
830 #0 - SERIES ADDED ENTRY--UNIFORM TITLE
Uniform title Oxford paperback reference.
906 ## - LOCAL DATA ELEMENT F, LDF (RLIN)
a 7
b cbc
c copycat
d 2
e ncip
f 20
g y-gencatlg
942 ## - ADDED ENTRY ELEMENTS (KOHA)
Source of classification or shelving scheme Library of Congress Classification
Koha item type Reference
Holdings
Withdrawn status Source of classification or shelving scheme Damaged status Not for loan Collection code Home library Current library Shelving location Date acquired Source of acquisition Cost, normal purchase price Total Checkouts Full call number Barcode Date last seen Copy number Koha item type
  Library of Congress Classification     Reference Taytay College Library Taytay College Library Reference 06/04/2012 Purchased 1189.00   B809.3 .B83 2010 URSTAY-3439 10/10/2016 1 Reference

University of Rizal System
Email us at univlibservices@urs.edu.ph

Visit our Website www.urs.edu.ph/library